000 00809nam a2200277Ia 4500
001 Para_4675
003 CHAP
008 220125s1915 xx 000 0 und d
010 _a203116
040 _cCHAP
090 _aPA FOLLETO 2016
100 _aWinter, O. B
_9122306
245 _aDurability of concrete drain tile /
_c O. B. Winter, H. H. Musselman
260 _aEast Lansing, Michigan :
_b Agricultural College Experiment Station
300 _a13 p.
440 _aMichigan. Agr. Exp. Sta. Special Bull; 75
_9168724
650 _aTubos de concreto
_9115494
700 _aMusselman, H. H.
_979900
901 _aPA FOLLETO 2016
902 _aA
905 _a0000001915 EAS 0000000000 00
910 _a1915
942 _cPARA
942 _cPARA
_d1
999 _c203116
_d203116